000 00321 a2200121 4500
001 146786
040 _cEscola São Tomás de Aquino
100 _aBANDEIRA, Pedro
240 1 0 _aA menor fazedora de mágicas do mundo
_lpor
245 1 0 _aA menor fazedora de mágicas do mundo
697 _a*LITERATURA INFANTO
942 _cBK
999 _c146786
_d146786